Name that Vehicle - Statistics

General Stats
  • This quiz has been taken 23 times
  • The average score is 12 of 15
Answer Stats
Picture Answer % Correct
Airplane
100%
Bus
100%
Car
100%
Helicopter
100%
Train
100%
Sailboat
95%
Scooter
90%
Motorcycle
85%
Bike
80%
Dragon
75%
Jetski
70%
Raft
55%
Subway
55%
Yacht
50%
Lift
25%
No matching quizzes found
Score Distribution
Percent of People with Each Score
Percentile by Number Answered
Your Score History
You have not taken this quiz